00801nam a22002295i 4500001000700000003000900007005001700016008004100033017001800074020001800092080002800110245009500138260004900233300005400282500002900336546003800365650003000403655004000433710002600473740004900499852002300548169192ES-MaACL20230906214025.0080821s2000 sp |||| | spa d aB-11.048-2000 a84-7664-680-1 a748.5.033/.034(083.824)03aEl vitrall b: l'art del color i de la llum = La vidriera : el arte del color y de la luz. aBarcelona : bFundació "la Caixa", c2000. a36 p. : bprincipalmente il. col. ; c21 x 21 cm. aExposición itinerante. aTextos en catalán y castellano.14aVidrieras-vExposiciones. 72tgfbneaCatálogos de exposiciones2 aFundació "la Caixa"0 aLa vidriera : el arte del color y de la luz.4 aES-MaACLjL-29550